000
00338nam a2200145Ia 4500
008
191201s2011 xx 000 0 und d
082
_a
003
_b
HIO
100
_a
GUPTA, Prem Kumar
245
0
_a
Operations Research
250
_a
Rep
260
_a
N.Delhi
_b
S Chand and Co. Ltd.
_c
2011
300
_a
1395
650
_a
MCA
942
_2
ddc
_c
BK
999
_c
4191
_d
4191